Obálka Náhled e-knihy:
PDF Epub
Pro půjčování e-knih musíte být přihlášeni.
Jak si půjčit online?

Mimo obraz /

Další napínavý příběh s kriminalistou Tomášem Volfem. Tentokrát spolu s brněnskou komisařkou řeší brutální vraždu dvou mužů.

Uloženo v:
Série:Detektiv Volf, část 6
Hlavní autor: Březina, Jiří, 1980- (Autor)
Médium: E-kniha
Jazyk:Czech
Vydáno: V Praze : Motto, 2024
Vydání:1. vydání
Témata:
Příbuzné jednotky:Z cyklu:: Detektiv Volf
Tagy:
Žádné tagy
LEADER 02237nam a2200409 i 4500
001 312514
003 CZ PrSKC
005 20260601215724.0
007 ta
008 240912s2024 xr g 000 f cze
015 |a cnb003631470 
020 |a 9788026727187  |q (vázáno) :  |c Kč 369,00 
035 |a (OCoLC)1468021086 
040 |a OLA001  |b cze  |e rda 
072 7 |a 821.162.3-3  |x Česká próza  |2 Konspekt 
080 |a 821.162.3-31  |2 MRF 
080 |a (0:82-312.4)  |2 MRF 
100 1 |a Březina, Jiří,  |d 1980-  |7 xx0114321  |4 aut 
245 1 0 |a Mimo obraz /  |c Jiří Březina 
250 |a 1. vydání 
264 1 |a V Praze :  |b Motto,  |c 2024 
300 |a 251 stran ;  |c 21 cm 
336 |a text  |b txt  |2 rdacontent 
337 |a bez média  |b n  |2 rdamedia 
338 |a svazek  |b nc  |2 rdacarrier 
520 2 |a Další napínavý příběh s kriminalistou Tomášem Volfem. Tentokrát spolu s brněnskou komisařkou řeší brutální vraždu dvou mužů.  |b Hrůzný nález v odstavené dodávce na okraji jihomoravského lesa odstartuje vyšetřování, do kterého je zapojen i Tomáš Volf. Případ s mezinárodním přesahem má pro pražského kriminalistu mnohem větší důsledky, než se zpočátku zdá. A nejen díky sympatické brněnské komisařce, s níž ho pátrání svede dohromady. Stopy vedou do kontroverzního světa moderního umění a podezřelých obchodních transakcí, kde příležitost dělá nejen zloděje. Nakladatelská anotace. Kráceno. 
655 7 |a české romány  |7 fd133974  |2 czenas 
655 7 |a detektivní romány  |7 fd132010  |2 czenas 
655 9 |a Czech fiction  |2 eczenas 
655 9 |a detective novels  |2 eczenas 
787 0 8 |i Z cyklu:  |t Detektiv Volf  |g 6 
900 |a ABA001  |b 20 
928 9 |a Albatros Media - Motto 
044 |a xr 
910 |a RBIT002 
998 |d 414301  |a https://core.palmknihy.cz/api/books/414301/cover?sk34sp  |b https://core.palmknihy.cz/api/books/414301/cover/400?sk34sp  |c https://core.palmknihy.cz/api/books/414301/cover/50?sk34sp  |e 2034-12-31  |g 264  |i 9788026727187  |j https://core.palmknihy.cz/api/books/414301/preview.epub  |k https://core.palmknihy.cz/api/books/414301/preview.pdf  |l   |q 49  |r 1  |s https://www.palmknihy.cz/kniha/414301  |t ebook  |y 2024  |z 0  |v Policista Tomáš Volf  |w 6 
999 |d 312512